Jăng- Krixtốp Tập 4 Bụi cây rực cháy Ngày mới

.

Sparad:
Bibliografiska uppgifter
Huvudupphovsman: Krixtôp- Jăng
Övriga upphovsmän: Tảo Trang (dịch), Trần Hữu Mai (dịch)
Materialtyp: Bok
Språk:Vietnamese
Publicerad: H. Văn học 1981
Ämnen:
Taggar: Lägg till en tagg
Inga taggar, Lägg till första taggen!
Thư viện lưu trữ: Mạng thư viện Đại học Đà Nẵng
LEADER 00921nam a2200349 4500
001 000004811
003 952
005 20110804150847.0
008 110804s1981 viesd
020 |c 20000 
041 0 |a vie 
082 |a 891.7  |b ROL 
100 0 |a Krixtôp- Jăng 
245 1 0 |a Jăng- Krixtốp  |c Krixtôp- Jăng  |n Tập 4  |p Bụi cây rực cháy Ngày mới 
260 |a H.  |b Văn học  |c 1981 
300 |a 436 tr.  |c 19 cm 
520 |a . 
653 |a Văn học Nga 
653 |a Tiểu thuyết 
653 |a Krixtôp- Jăng 
700 |a Tảo Trang  |e dịch 
700 |a Trần Hữu Mai  |e dịch 
773 |t Krixtôp- Jăng  |w 919 
910 |a Thu Sương  |d 4/8/2011 
OWN |a LSP 
999 |a From the UDN01 
TYP |a Monograph 
TYP |a Printed language 
980 |a Mạng thư viện Đại học Đà Nẵng